000 00520nam a2200169Ia 4500
005 20250508154659.0
008 008 250505s9999 xx 000 0 eng d
037 _aTextual
040 _aFEDL
_beng
_cFEDL
041 _aeng
_2eng
084 _a510, THE
_qFEDL
245 0 _aTheory of graphs and its applications: Proceedings of the symposium held in smolenice in June 1963
260 _aNew York, USA
_bAcademic Press
_c1964
300 _a234p.
942 _cTEXL
_h510, THE
999 _c1351571
_d1351571